书目信息 |
| 题名: |
胜利之后
|
|
| 作者: | 伊肯伯里 著 ;严匡正 译 | |
| 分册: | ||
| 出版信息: | 上海 上海社会科学院出版社 2021.05 |
|
| 页数: | xxxi, 343页 | |
| 开本: | 21cm | |
| 丛书名: | ||
| 单 册: | ||
| 中图分类: | D819 | |
| 科图分类: | ||
| 主题词: | 国际关系史--guo ji guan xi shi--研究 | |
| 电子资源: | ||
| ISBN: | 978-7-5520-3396-0 | |
| 000 | 01532nam0 2200313 450 | |
| 001 | CAL 0120217183045 | |
| 005 | 20230217093113.0 | |
| 010 | @a978-7-5520-3396-0@dCNY75.00 | |
| 100 | @a20210622d2021 em y0chiy0120 ea | |
| 101 | 1 | @achi@ceng |
| 102 | @aCN@b310000 | |
| 105 | @ay z 000yy | |
| 106 | @ar | |
| 200 | 1 | @a胜利之后@Asheng li zhi hou@e战后制度、战略约束与秩序重建@f(美) G. 约翰·伊肯伯里著@d= After victory@einstitutions, strategic restraint, and the rebuilding of order after major wars@fG. John Ikenberry@g严匡正译@zeng |
| 205 | @a修订版 | |
| 210 | @a上海@c上海社会科学院出版社@d2021.05 | |
| 215 | @axxxi, 343页@d21cm | |
| 300 | @a纸间悦动 | |
| 314 | @aG. 约翰·伊肯伯里, 普林斯顿大学政治系及公共与国际事务学院的阿尔伯特·G. 米尔班克政治和国际事务教授, 普林斯顿国际安全研究中心联合主任, 美国艺术与科学院院士。 | |
| 330 | @a本书涵盖了比较政治学与国际关系, 是历史与理论的结合之作。如果读者意在探究全球秩序的组织形式、世界政治中的制度作用和历史上的战后安排给当下的经验教训, 应能从中获益良多。 | |
| 500 | 10 | @aAfter victory : institutions, strategic restraint, and the rebuilding of order after major wars@mChinese |
| 517 | 1 | @a战后制度、战略约束与秩序重建@Azhan hou zhi du 、 zhan lue yue shu yu zhi xu chong jian |
| 606 | 0 | @a国际关系史@Aguo ji guan xi shi@x研究 |
| 690 | @aD819@v5 | |
| 701 | 1 | @a伊肯伯里@Ayi ken bo li@g(Ikenberry, G.John)@4著 |
| 702 | 0 | @a严匡正@Ayan kuang zheng@4译 |
| 801 | 0 | @aCN@bBJXHZP@c20230228 |
| 905 | @b1401305-8@dD819@e121@f4 | |
| 998 | @bbm004b-2021.06.25 09:50:35 | |
| 胜利之后:战后制度、战略约束与秩序重建/(美) G. 约翰·伊肯伯里著= After victory:institutions, strategic restraint, and the rebuilding of order after major wars/G. John Ikenberry/严匡正译.-修订版.-上海:上海社会科学院出版社,2021.05 |
| xxxi, 343页;21cm |
| 纸间悦动 |
| ISBN 978-7-5520-3396-0:CNY75.00 |
| 本书涵盖了比较政治学与国际关系, 是历史与理论的结合之作。如果读者意在探究全球秩序的组织形式、世界政治中的制度作用和历史上的战后安排给当下的经验教训, 应能从中获益良多。 |
| ● |
| 相关链接 |
|
|
|
|
正题名:胜利之后
索取号:D819/121
 
预约/预借
| 序号 | 登录号 | 条形码 | 馆藏地/架位号 | 状态 | 备注 |
| 1 | 1401305 | 214013057 | 第一样本阅览室/ [索取号:D819/121] | 在馆 | |
| 2 | 1401306 | 214013066 | 第一借阅区/ [索取号:D819/121] | 在馆 | |
| 3 | 1401307 | 214013075 | 第一借阅区/ [索取号:D819/121] | 在馆 | |
| 4 | 1401308 | 214013084 | 第一借阅区/ [索取号:D819/121] | 在馆 |